000 00441nam a2200169Ia 4500
001 10041
003 IN-NITTTR
005 20251114233053.0
008 251113s9999||||xx |||||||||||||| ||eng||
040 _beng
040 _cIN-NITTTR
041 _aeng
082 _a025.48 R149I
100 _aRamsdon, Michael J.
245 3 _aAn introduction to index language construction :
_b a programmed text /
_cRamsdon, Michael J.
942 _2ddc
_cBK
999 _c12678
_d12678